000 00746nam a22002537a 4500
003 CHAP
005 20220817042150.0
008 971013s r 00010 d
010 _a36512
011 _a37484
035 _a41604
040 _cCHAP
090 _aFolleto 1517
110 _aMéxico. Dirección General de Agricultura
245 _aIndustrialización integral del coco en las zonas de producción
260 _aMéxico, D.F. :
_bLa Dirección,
_c(s.a.)
300 _a18 p.
_b: láms
590 _aBATCH-UPD
_b10
_c20130110
_lUCH01
_h1647
590 _aCONVERSION
_b10
_c20130109
_lUCH01
_h1320
650 1 4 _aCoco
_xIndustria.
_924251
901 _aBK
942 _cFOLL
949 _aFolleto 1517
_bBC
_cFOLL
_d-95532
_eTS1
_i41604
_si
999 _c36512
_d36512